[Event "Scarborough CC Falling Leaves U1700"]
[Site "Toronto CAN"]
[Date "2009.12.17"]
[Round "7"]
[White "Graham, John"]
[Black "Luo, Yutong"]
[Result "0-1"]
[WhiteElo "1407"]
[BlackElo "1454"]
[PlyCount "61"]
[GameId "2160767910096197"]
[EventDate "2009.11.05"]
[EventType "swiss"]
[EventRounds "7"]
[EventCountry "CAN"]
[SourceTitle "EXT 2011"]
[Source "ChessBase"]
[SourceDate "2011.11.26"]
[SourceVersion "1"]
[SourceVersionDate "2011.11.26"]
[SourceQuality "1"]

1. e4 e5 2. Nf3 Nc6 3. Bc4 Nf6 4. Nc3 Bc5 5. O-O O-O 6. d3 h6 7. a3 d6 8. h3 Be6 9. Be3 Bxc4 10. Bxc5 Bxd3 11. Bxd6 Bxf1 12. Bxf8 Qxd1 13. Rxd1 Bxg2 14. Nxe5 Nxe5 15. Bxg7 Kxg7 16. Kxg2 c6 17. f3 Nc4 18. f4 Ne3+ 19. Kf3 Nxd1 20. Nxd1 Rd8 21. Ne3 Re8 22. Nf5+ Kg6 23. Nd6 Re7 24. e5 Ne8 25. f5+ Kh5 26. f6 Rxe5 27. Nxf7 Rf5+ 28. Ke4 Rxf6 29. Nd8 Rf2 30. Nxb7 Rxc2 31. b4 0-1

[Event "Scarborough CC Falling Leaves U1700"]
[Site "Toronto CAN"]
[Date "2009.12.17"]
[Round "7"]
[White "Karpik, Steve"]
[Black "Veecock, Carl"]
[Result "1/2-1/2"]
[WhiteElo "1528"]
[BlackElo "1596"]
[PlyCount "79"]
[GameId "2160767910096198"]
[EventDate "2009.11.05"]
[EventType "swiss"]
[EventRounds "7"]
[EventCountry "CAN"]
[SourceTitle "EXT 2011"]
[Source "ChessBase"]
[SourceDate "2011.11.26"]
[SourceVersion "1"]
[SourceVersionDate "2011.11.26"]
[SourceQuality "1"]

1. Nf3 c6 2. c4 d5 3. e3 Bg4 4. h3 Bxf3 5. Qxf3 e5 6. cxd5 Qxd5 7. Qxd5 cxd5 8. b3 Nf6 9. Bb2 Bd6 10. Bb5+ Nc6 11. O-O O-O 12. Bxc6 bxc6 13. d4 exd4 14. Bxd4 Ne4 15. Bb2 Rab8 16. Rd1 Rfe8 17. Nd2 Nxd2 18. Rxd2 Be5 19. Bxe5 Rxe5 20. Rc1 Re6 21. Rdc2 Rb6 22. Rc5 f5 23. R1c3 Kf7 24. a3 Ke7 25. b4 Kd7 26. Ra5 a6 27. Rac5 Rb5 28. g3 Rxc5 29. Rxc5 Kc7 30. Kg2 Re4 31. Kf1 Rc4 32. Ke2 Rxc5 33. bxc5 a5 34. a4 Kd7 35. Kd3 Ke6 36. f4 Kf6 37. Ke2 g5 38. Kf3 h5 39. h4 g4+ 40. Ke2 1/2-1/2

[Event "Scarborough CC Falling Leaves U1700"]
[Site "Toronto CAN"]
[Date "2009.12.17"]
[Round "7"]
[White "Pishdad, Hassan"]
[Black "Dattani, Dinesh"]
[Result "0-1"]
[WhiteElo "1442"]
[BlackElo "1365"]
[PlyCount "72"]
[GameId "2160767910096199"]
[EventDate "2009.11.05"]
[EventType "swiss"]
[EventRounds "7"]
[EventCountry "CAN"]
[SourceTitle "EXT 2011"]
[Source "ChessBase"]
[SourceDate "2011.11.26"]
[SourceVersion "1"]
[SourceVersionDate "2011.11.26"]
[SourceQuality "1"]

1. e4 e5 2. Nf3 Nf6 3. Nc3 Nc6 4. Bb5 d6 5. Bxc6+ bxc6 6. d3 Bg4 7. h3 Bh5 8. g4 Bg6 9. Be3 h6 10. Nd2 d5 11. exd5 Nxd5 12. Nce4 Be7 13. O-O Qd7 14. Nc4 f6 15. Nc5 Nxe3 16. Nxd7 Nxd1 17. Nxf6+ gxf6 18. Raxd1 Rb8 19. b3 h5 20. g5 Rb5 21. gxf6 Bxf6 22. a4 Rd5 23. Rfe1 Rg8 24. Kh2 Kf7 25. Nd2 Bf5 26. Ne4 Bh4 27. Ng3 Rg5 28. Re3 Bxg3+ 29. fxg3 e4 30. d4 c5 31. c3 cxd4 32. cxd4 c5 33. g4 hxg4 34. hxg4 Rxg4 35. Rf1 Kg6 36. dxc5 Rd2+ 0-1

[Event "Scarborough CC Falling Leaves U1700"]
[Site "Toronto CAN"]
[Date "2009.12.17"]
[Round "7"]
[White "Rogers, Michael"]
[Black "Super, Russell"]
[Result "1-0"]
[WhiteElo "1450"]
[BlackElo "1530"]
[PlyCount "67"]
[GameId "2160767910096200"]
[EventDate "2009.11.05"]
[EventType "swiss"]
[EventRounds "7"]
[EventCountry "CAN"]
[SourceTitle "EXT 2011"]
[Source "ChessBase"]
[SourceDate "2011.11.26"]
[SourceVersion "1"]
[SourceVersionDate "2011.11.26"]
[SourceQuality "1"]

1. e4 c5 2. Nf3 Nc6 3. d4 cxd4 4. Nxd4 d6 5. Nc3 Nf6 6. Bc4 e6 7. Be3 Be7 8. Qe2 a6 9. O-O-O Qc7 10. Bb3 b5 11. g4 b4 12. Nxc6 bxc3 13. Nxe7 cxb2+ 14. Kb1 Qxe7 15. Bd4 O-O 16. Rhg1 Bb7 17. f3 Rfc8 18. h4 e5 19. Bxb2 Nd7 20. g5 Nc5 21. g6 Nxb3 22. gxh7+ Kxh7 23. Qg2 f6 24. Qg6+ Kg8 25. cxb3 Rc6 26. h5 Qf7 27. h6 Qxg6 28. Rxg6 Bc8 29. Rxg7+ Kh8 30. Rf7 d5 31. exd5 Rd6 32. Ba3 Bf5+ 33. Kb2 Kg8 34. Rg7+ 1-0

[Event "Scarborough CC Falling Leaves U1700"]
[Site "Toronto CAN"]
[Date "2009.12.17"]
[Round "7"]
[White "Termeer, Ted"]
[Black "Philip, Andrew"]
[Result "1/2-1/2"]
[WhiteElo "1430"]
[BlackElo "1566"]
[PlyCount "86"]
[GameId "2160767910096201"]
[EventDate "2009.11.05"]
[EventType "swiss"]
[EventRounds "7"]
[EventCountry "CAN"]
[SourceTitle "EXT 2011"]
[Source "ChessBase"]
[SourceDate "2011.11.26"]
[SourceVersion "1"]
[SourceVersionDate "2011.11.26"]
[SourceQuality "1"]

1. Nf3 Nf6 2. d4 e6 3. c4 b6 4. Nc3 Bb4 5. Bd2 Bb7 6. e3 O-O 7. Be2 d6 8. a3 Bxc3 9. Bxc3 Nbd7 10. O-O Ne4 11. Be1 f5 12. Nd2 Ndf6 13. f3 Nxd2 14. Qxd2 Qe8 15. Bg3 Rd8 16. Qe1 Nh5 17. f4 Qg6 18. Bxh5 Qxh5 19. Qd1 Qg6 20. Rf2 h6 21. Rd2 Qf7 22. Rc1 Qe7 23. Qh5 Qe8 24. Qxe8 Rfxe8 25. Bh4 Rd7 26. Kf2 Kf7 27. Rg1 Rg8 28. g4 g5 29. fxg5 hxg5 30. Bg3 fxg4 31. d5 exd5 32. cxd5 Kg6 33. Ke2 Rf7 34. Rc1 Ba6+ 35. Kd1 Rf1+ 36. Kc2 Rgf8 37. Rxf1 Rxf1 38. Kc3 Rf3 39. Kd4 Rf7 40. Rc2 Bf1 41. Rd2 Rf3 42. Rc2 Rf7 43. Rd2 Rf3 1/2-1/2

[Event "Scarborough CC Falling Leaves U1700"]
[Site "Toronto CAN"]
[Date "2009.12.17"]
[Round "7"]
[White "Xie, Peter"]
[Black "Wang, Jason"]
[Result "1-0"]
[WhiteElo "1514"]
[BlackElo "1030"]
[PlyCount "84"]
[GameId "2160767910096202"]
[EventDate "2009.11.05"]
[EventType "swiss"]
[EventRounds "7"]
[EventCountry "CAN"]
[SourceTitle "EXT 2011"]
[Source "ChessBase"]
[SourceDate "2011.11.26"]
[SourceVersion "1"]
[SourceVersionDate "2011.11.26"]
[SourceQuality "1"]

1. e4 e5 2. Nf3 Nc6 3. Bb5 Nge7 4. O-O d6 5. c3 Bd7 6. d4 Ng6 7. Ne1 Be7 8. f4 exf4 9. Nd3 Bg5 10. Nxf4 Bxf4 11. Bxf4 Nxf4 12. Rxf4 Qg5 13. Qf1 O-O 14. Nd2 a6 15. Bc4 Nd8 16. Rf2 b5 17. Bb3 c5 18. Nf3 Qh6 19. e5 c4 20. Bc2 d5 21. Qc1 Qxc1+ 22. Rxc1 f5 23. Rcf1 Ne6 24. h3 f4 25. Kh2 Rf7 26. Ng1 Raf8 27. Ne2 g5 28. g4 fxg3+ 29. Kxg3 Rxf2 30. Rxf2 Rxf2 31. Kxf2 h5 32. h4 gxh4 33. Bg6 Ng5 34. Bxh5 h3 35. Kg3 Kg7 36. Ng1 Kh6 37. Be2 Ne4+ 38. Kh2 Nf2 39. b3 cxb3 40. axb3 a5 41. e6 Bxe6 42. Bxb5 Bf5 1-0

[Event "Scarborough CC Falling Leaves U1700"]
[Site "Toronto CAN"]
[Date "2009.12.17"]
[Round "7"]
[White "Yusuf, Magas"]
[Black "Huston, Scott"]
[Result "1-0"]
[WhiteElo "1553"]
[BlackElo "1605"]
[PlyCount "77"]
[GameId "2160767910096203"]
[EventDate "2009.11.05"]
[EventType "swiss"]
[EventRounds "7"]
[EventCountry "CAN"]
[SourceTitle "EXT 2011"]
[Source "ChessBase"]
[SourceDate "2011.11.26"]
[SourceVersion "1"]
[SourceVersionDate "2011.11.26"]
[SourceQuality "1"]

1. e4 c5 2. Nc3 d6 3. Nf3 Nf6 4. Bc4 g6 5. d3 Bg7 6. Be3 Nc6 7. Qd2 Ng4 8. Bf4 a6 9. h3 Nge5 10. Nxe5 Nxe5 11. Bb3 O-O 12. Bh6 b5 13. Bxg7 Kxg7 14. f4 c4 15. dxc4 Nxc4 16. Bxc4 bxc4 17. Qd4+ e5 18. fxe5 Qh4+ 19. Ke2 Qh5+ 20. g4 Qxe5 21. Qxe5+ dxe5 22. Rhd1 Be6 23. b4 Kh6 24. Na4 Rad8 25. Nc5 Bc8 26. Rd5 Rxd5 27. exd5 Rd8 28. Rd1 Kg5 29. d6 Bd7 30. a4 Kh4 31. Nxd7 Rxd7 32. b5 axb5 33. axb5 Kg5 34. b6 Rd8 35. d7 Kf6 36. b7 Ke7 37. Rd5 h6 38. Rxe5+ Kd6 39. Re8 1-0

[Event "Scarborough CC Falling Leaves U1700"]
[Site "Toronto CAN"]
[Date "2009.10.29"]
[Round "8"]
[White "Azmitia, Gabriel"]
[Black "Philip, Andrew"]
[Result "0-1"]
[WhiteElo "1428"]
[BlackElo "1550"]
[PlyCount "64"]
[GameId "2160767910096205"]
[EventDate "2009.11.05"]
[EventType "swiss"]
[EventRounds "7"]
[EventCountry "CAN"]
[SourceTitle "EXT 2011"]
[Source "ChessBase"]
[SourceDate "2011.11.26"]
[SourceVersion "1"]
[SourceVersionDate "2011.11.26"]
[SourceQuality "1"]

1. d4 Nf6 2. Nf3 e6 3. a3 b6 4. e3 Bb7 5. Bd3 Ne4 6. Bxe4 Bxe4 7. Nbd2 Bb7 8. O-O d5 9. b3 Bd6 10. Bb2 O-O 11. Kh1 Nd7 12. Rg1 c5 13. c3 Rc8 14. Rc1 Qe7 15. Ra1 e5 16. Re1 e4 17. Ng1 Qh4 18. g3 Qh6 19. Kg2 f5 20. Nh3 g5 21. Qe2 f4 22. exf4 cxd4 23. fxg5 Qg6 24. cxd4 Rc2 25. Bc1 Qg7 26. Qg4 Qf7 27. Re3 Rfc8 28. Re1 R8c7 29. Nf1 Bc8 30. Qh4 Nf8 31. Nf4 Ng6 32. Nxg6 Qxf2+ 0-1

[Event "Scarborough CC Falling Leaves U1700"]
[Site "Toronto CAN"]
[Date "2009.10.29"]
[Round "8"]
[White "Rogers, Michael"]
[Black "Graham, John"]
[Result "1-0"]
[WhiteElo "1440"]
[BlackElo "1446"]
[PlyCount "33"]
[GameId "2160767910096207"]
[EventDate "2009.11.05"]
[EventType "swiss"]
[EventRounds "7"]
[EventCountry "CAN"]
[SourceTitle "EXT 2011"]
[Source "ChessBase"]
[SourceDate "2011.11.26"]
[SourceVersion "1"]
[SourceVersionDate "2011.11.26"]
[SourceQuality "1"]

1. e4 Nc6 2. d4 d5 3. exd5 Qxd5 4. Be3 Bf5 5. Nc3 Qd7 6. Nf3 Nf6 7. Bc4 h6 8. Qe2 e6 9. O-O O-O-O 10. Rfd1 Bd6 11. Ne5 Qe8 12. f4 Bxe5 13. dxe5 Bg4 14. Rxd8+ Qxd8 15. Qf2 Nd7 16. Bxa7 b6 17. Ba6# 1-0

[Event "Scarborough CC Falling Leaves U1700"]
[Site "Toronto CAN"]
[Date "2009.10.29"]
[Round "8"]
[White "Souchko, Larissa"]
[Black "Pishdad, Hassan"]
[Result "0-1"]
[WhiteElo "1244"]
[BlackElo "1376"]
[PlyCount "84"]
[GameId "2160767910096208"]
[EventDate "2009.11.05"]
[EventType "swiss"]
[EventRounds "7"]
[EventCountry "CAN"]
[SourceTitle "EXT 2011"]
[Source "ChessBase"]
[SourceDate "2011.11.26"]
[SourceVersion "1"]
[SourceVersionDate "2011.11.26"]
[SourceQuality "1"]

1. e4 c5 2. Nf3 d6 3. b3 e5 4. Bb2 Nc6 5. Nc3 Nf6 6. Bc4 Bg4 7. h3 Bh5 8. g4 Bg6 9. Qe2 Be7 10. g5 Nh5 11. Nd5 O-O 12. h4 Kh8 13. O-O-O f5 14. exf5 Bxf5 15. Bd3 Bxd3 16. Qxd3 Nf4 17. Nxf4 Rxf4 18. Rhg1 Qf8 19. Rg3 Nb4 20. Qe3 Nxa2+ 21. Kb1 Nb4 22. h5 Qf5 23. Rc1 Rf8 24. h6 Rxf3 25. hxg7+ Kxg7 26. Rxf3 Qxf3 27. Bxe5+ dxe5 28. Qxe5+ Kf7 29. Re1 Nc6 30. Qe6+ Kg7 31. Qh6+ Kg8 32. g6 Rf7 33. Rg1 Kh8 34. g7+ Kg8 35. Rh1 Rxg7 36. Rg1 Rxg1+ 37. Kb2 Bf6+ 38. Qxf6 Qxf6+ 39. c3 Qf5 40. b4 c4 41. Ka2 Qc2+ 42. Ka3 Ra1# 0-1

[Event "Scarborough CC Falling Leaves U1700"]
[Site "Toronto CAN"]
[Date "2009.10.29"]
[Round "8"]
[White "Termeer, Ted"]
[Black "Luo, Yutong"]
[Result "1/2-1/2"]
[WhiteElo "1457"]
[BlackElo "1416"]
[PlyCount "73"]
[GameId "2160767910096209"]
[EventDate "2009.11.05"]
[EventType "swiss"]
[EventRounds "7"]
[EventCountry "CAN"]
[SourceTitle "EXT 2011"]
[Source "ChessBase"]
[SourceDate "2011.11.26"]
[SourceVersion "1"]
[SourceVersionDate "2011.11.26"]
[SourceQuality "1"]

1. Nf3 Nf6 2. d4 g6 3. c4 Bg7 4. Nc3 O-O 5. e4 d6 6. h3 Nc6 7. Be3 e5 8. d5 Ne7 9. Qd2 Ne8 10. Bh6 f5 11. Bxg7 Kxg7 12. O-O-O f4 13. Nh2 g5 14. f3 Nf6 15. Ng4 Ng6 16. Nxf6 Qxf6 17. Qf2 h6 18. Be2 Bd7 19. Rdg1 Nh4 20. g3 fxg3 21. Qxg3 Qf4+ 22. Qxf4 Rxf4 23. Rg3 Raf8 24. Rf1 a6 25. b4 Be8 26. Kd2 Bh5 27. Ke3 b6 28. a4 Be8 29. b5 a5 30. Nd1 Ng6 31. Nb2 Bd7 32. Nd3 Rh4 33. Nf2 Nf4 34. Rh1 Nh5 35. Rhg1 Nf4 36. Rh1 Nh5 37. Rgg1 1/2-1/2

[Event "Scarborough CC Falling Leaves U1700"]
[Site "Toronto CAN"]
[Date "2009.10.29"]
[Round "8"]
[White "Walker, John"]
[Black "Huston, Scott"]
[Result "0-1"]
[WhiteElo "1362"]
[BlackElo "1475"]
[PlyCount "108"]
[GameId "2160767910096210"]
[EventDate "2009.11.05"]
[EventType "swiss"]
[EventRounds "7"]
[EventCountry "CAN"]
[SourceTitle "EXT 2011"]
[Source "ChessBase"]
[SourceDate "2011.11.26"]
[SourceVersion "1"]
[SourceVersionDate "2011.11.26"]
[SourceQuality "1"]

1. d4 Nf6 2. Nf3 e6 3. Nbd2 d5 4. e3 c5 5. b3 Nc6 6. Bb2 Be7 7. a3 O-O 8. Bd3 Qc7 9. Ne5 Nxe5 10. dxe5 Nd7 11. f4 Qb6 12. c4 f6 13. O-O d4 14. exd4 cxd4 15. Qh5 f5 16. b4 a5 17. c5 Bxc5 18. Nc4 Qb5 19. bxc5 Qb3 20. Rf3 Nxc5 21. Bxf5 Rxf5 22. Qxf5 exf5 23. Rxb3 Nxb3 24. Re1 Be6 25. Nd6 Rc8 26. Nxc8 Bxc8 27. Rd1 Be6 28. Bxd4 b5 29. Bb2 Kf7 30. Rd8 g5 31. g3 gxf4 32. gxf4 a4 33. Bc3 Kg6 34. Rd6 Kf7 35. Kf2 Bc4 36. h4 Nc5 37. Rf6+ Kg7 38. Kg2 Ne4 39. Bd4 Nxf6 40. exf6+ Kf7 41. Bc3 h5 42. Kf2 Ke6 43. Ke3 Kd7 44. Kd4 Kd6 45. Bb4+ Ke6 46. Be7 Be2 47. Kc5 Kf7 48. Kc6 Bd3 49. Kd7 Be4 50. Kd6 b4 51. axb4 a3 52. b5 a2 53. b6 a1=Q 54. b7 Bxb7 0-1

[Event "Scarborough CC Falling Leaves U1700"]
[Site "Toronto CAN"]
[Date "2009.10.29"]
[Round "8"]
[White "Xie, Peter"]
[Black "Yusuf, Magas"]
[Result "1-0"]
[WhiteElo "1366"]
[BlackElo "1462"]
[PlyCount "47"]
[GameId "2160767910096211"]
[EventDate "2009.11.05"]
[EventType "swiss"]
[EventRounds "7"]
[EventCountry "CAN"]
[SourceTitle "EXT 2011"]
[Source "ChessBase"]
[SourceDate "2011.11.26"]
[SourceVersion "1"]
[SourceVersionDate "2011.11.26"]
[SourceQuality "1"]

1. e4 e5 2. Nf3 Nc6 3. Bb5 a6 4. Ba4 Nf6 5. O-O b5 6. Bb3 Be7 7. Re1 O-O 8. c3 d5 9. exd5 Nxd5 10. Nxe5 Nxe5 11. Rxe5 c6 12. Bxd5 cxd5 13. d4 Bd6 14. Re3 Qh4 15. h3 Bf5 16. Nd2 Rfe8 17. Nf3 Qf6 18. Qe2 Be4 19. Nd2 Bf4 20. Nxe4 Qg6 21. Nf6+ gxf6 22. Rxe8+ Rxe8 23. Qxe8+ Kg7 24. Bxf4 1-0

[Event "Scarborough CC Howard Ridout Swiss"]
[Site "Toronto CAN"]
[Date "2009.09.10"]
[Round "1"]
[White "Al Ganabi, Haqi"]
[Black "Gillis, Doug"]
[Result "0-1"]
[WhiteElo "1882"]
[BlackElo "1680"]
[PlyCount "87"]
[GameId "2160767910096744"]
[EventDate "2009.09.10"]
[EventType "swiss"]
[EventRounds "7"]
[EventCountry "CAN"]
[SourceTitle "EXT 2011"]
[Source "ChessBase"]
[SourceDate "2011.11.26"]
[SourceVersion "1"]
[SourceVersionDate "2011.11.26"]
[SourceQuality "1"]

1. e4 e6 2. d4 d5 3. Nc3 dxe4 4. Nxe4 Qd5 5. Nc3 Bb4 6. Nge2 Nc6 7. Be3 Qd7 8. a3 Be7 9. d5 exd5 10. Nxd5 Nf6 11. Nxf6+ Bxf6 12. Qxd7+ Bxd7 13. O-O-O O-O-O 14. Ng3 h5 15. Bc4 Ne5 16. Be2 h4 17. Ne4 Be7 18. f4 Bf5 19. Nc5 Ng4 20. Rxd8+ Rxd8 21. Bg1 Bd6 22. g3 b6 23. Bd3 Bxd3 24. Nxd3 Rh8 25. gxh4 Rxh4 26. Bd4 Rxh2 27. Rg1 f5 28. Bxg7 Nf2 29. Ne5 Bc5 30. Re1 Rh1 31. Kd2 Rxe1 32. Kxe1 Ne4 33. Ke2 a5 34. Kd3 b5 35. Nc6 a4 36. Bd4 Kd7 37. Ne5+ Kd6 38. c4 Nf2+ 39. Bxf2 Bxf2 40. cxb5 Bg3 41. Ke3 Bh4 42. Kd4 Bf6 43. Kd3 Bxe5 44. fxe5+ 0-1

[Event "Scarborough CC Howard Ridout Swiss"]
[Site "Toronto CAN"]
[Date "2009.09.10"]
[Round "1"]
[White "Al Ganabi, Yasir"]
[Black "Morra, Lui"]
[Result "0-1"]
[WhiteElo "1400"]
[BlackElo "1612"]
[PlyCount "88"]
[GameId "2160767910096745"]
[EventDate "2009.09.10"]
[EventType "swiss"]
[EventRounds "7"]
[EventCountry "CAN"]
[SourceTitle "EXT 2011"]
[Source "ChessBase"]
[SourceDate "2011.11.26"]
[SourceVersion "1"]
[SourceVersionDate "2011.11.26"]
[SourceQuality "1"]

1. e4 c5 2. Nf3 e6 3. Nc3 Nc6 4. Bb5 a6 5. Bxc6 bxc6 6. d3 Qc7 7. O-O e5 8. Re1 Nf6 9. Bg5 Be7 10. Bxf6 Bxf6 11. h3 Rb8 12. Na4 d6 13. b3 Be6 14. Qd2 O-O 15. Rac1 Rfd8 16. Qe2 Qa5 17. Red1 Qc7 18. Kf1 Qe7 19. Kg1 Bc8 20. Kf1 d5 21. Kg1 Kh8 22. Kf1 g5 23. Nh2 Rg8 24. f3 a5 25. Kg1 Ba6 26. c4 dxe4 27. dxe4 Rbd8 28. Rxd8 Rxd8 29. Rd1 Rd4 30. Qe1 Qd6 31. Nc3 a4 32. Kf2 Bd8 33. Rc1 Ba5 34. Ke2 axb3 35. axb3 Qb8 36. Rb1 Qb4 37. Na2 Rd2+ 38. Kf1 Rxa2 39. Qxb4 Bxb4 40. Ng4 Bc3 41. Ne3 Rb2 42. Rxb2 Bxb2 43. Nd1 Bd4 44. g4 Kg7 0-1

[Event "Scarborough CC Howard Ridout Swiss"]
[Site "Toronto CAN"]
[Date "2009.09.10"]
[Round "1"]
[White "Armstrong, Robert J"]
[Black "Lamb, Bryan"]
[Result "0-1"]
[WhiteElo "1804"]
[BlackElo "2232"]
[PlyCount "50"]
[GameId "2160767910096746"]
[EventDate "2009.09.10"]
[EventType "swiss"]
[EventRounds "7"]
[EventCountry "CAN"]
[SourceTitle "EXT 2011"]
[Source "ChessBase"]
[SourceDate "2011.11.26"]
[SourceVersion "1"]
[SourceVersionDate "2011.11.26"]
[SourceQuality "1"]

1. d4 Nf6 2. c4 e6 3. Nf3 b6 4. e3 Bb7 5. Bd3 Ne4 6. O-O f5 7. Nc3 Bb4 8. Qc2 Bxc3 9. bxc3 O-O 10. a4 a5 11. Rb1 d6 12. Ba3 Nd7 13. Rfd1 Rf6 14. c5 Rg6 15. Kf1 Rxg2 16. Bxe4 Bxe4 17. Qe2 Bxb1 18. Kxg2 Be4 19. cxd6 Qg5+ 20. Kf1 Qg4 21. Nd2 Bd3 22. Qxd3 Qxd1+ 23. Kg2 Qxa4 24. c4 cxd6 25. Bxd6 Qc6+ 0-1

[Event "Scarborough CC Howard Ridout Swiss"]
[Site "Toronto CAN"]
[Date "2009.09.10"]
[Round "1"]
[White "Bellomo, Joe"]
[Black "Ferreira, Alex"]
[Result "0-1"]
[WhiteElo "1736"]
[BlackElo "1956"]
[PlyCount "80"]
[GameId "2160767910096747"]
[EventDate "2009.09.10"]
[EventType "swiss"]
[EventRounds "7"]
[EventCountry "CAN"]
[SourceTitle "EXT 2011"]
[Source "ChessBase"]
[SourceDate "2011.11.26"]
[SourceVersion "1"]
[SourceVersionDate "2011.11.26"]
[SourceQuality "1"]

1. d4 d5 2. c4 e5 3. e3 dxc4 4. Bxc4 exd4 5. Qxd4 Qxd4 6. exd4 Bb4+ 7. Bd2 Nc6 8. Ne2 Bf5 9. Bxb4 Nxb4 10. Na3 O-O-O 11. O-O Bg6 12. Nf4 Rxd4 13. Nxg6 fxg6 14. Bxg8 Rxg8 15. Nb5 Rd5 16. Nc3 Rd2 17. Rab1 c6 18. a3 Nd3 19. b4 Rc2 20. Ne4 Kc7 21. Rb3 Nf4 22. g3 Re8 23. Ng5 Ne2+ 24. Kg2 h6 25. Nf3 g5 26. Ne1 Rc1 27. Nd3 Rxf1 28. Kxf1 Nd4 29. Rb2 g4 30. Kg2 Kd6 31. Rd2 Kd5 32. Nc5 b6 33. Nb3 c5 34. h3 gxh3+ 35. Kxh3 Kc4 36. Nxd4 cxd4 37. Rc2+ Kb3 38. Rc7 Rd8 39. Kg2 d3 40. Rc1 d2 0-1

[Event "Scarborough CC Howard Ridout Swiss"]
[Site "Toronto CAN"]
[Date "2009.09.10"]
[Round "1"]
[White "Gaffney, Kevin"]
[Black "Manalo, Pepin"]
[Result "0-1"]
[WhiteElo "1568"]
[BlackElo "1863"]
[PlyCount "78"]
[GameId "2160767910096748"]
[EventDate "2009.09.10"]
[EventType "swiss"]
[EventRounds "7"]
[EventCountry "CAN"]
[SourceTitle "EXT 2011"]
[Source "ChessBase"]
[SourceDate "2011.11.26"]
[SourceVersion "1"]
[SourceVersionDate "2011.11.26"]
[SourceQuality "1"]

1. e4 g6 2. d4 Bg7 3. Nc3 d6 4. Nf3 Nd7 5. Be3 Ngf6 6. h3 e5 7. dxe5 dxe5 8. Bc4 O-O 9. O-O Qe7 10. Qe2 c6 11. a4 Re8 12. Ng5 Rf8 13. a5 h6 14. Nf3 Nh5 15. Rfd1 Nc5 16. Qd2 Kh7 17. b4 Ne6 18. Rab1 Nef4 19. Bc5 Qf6 20. Bxf8 Bxf8 21. Bf1 Nxh3+ 22. gxh3 Qxf3 23. Bg2 Qf6 24. Ne2 Be6 25. Qe3 a6 26. Nc3 Re8 27. Qe2 Nf4 28. Qf1 Qg5 29. Kh2 Bc4 30. Qg1 Qh5 31. Bf1 Be6 32. Qg3 Be7 33. Re1 Bh4 34. Qe3 Bg5 35. Qg3 Nxh3 36. Bxh3 Bf4 37. Re3 Qxh3+ 38. Kg1 Bxg3 39. Rxg3 Qh4 0-1

[Event "Scarborough CC Howard Ridout Swiss"]
[Site "Toronto CAN"]
[Date "2009.09.10"]
[Round "1"]
[White "Humphreys, Michael"]
[Black "Ward, Dean"]
[Result "1-0"]
[WhiteElo "2209"]
[BlackElo "1800"]
[PlyCount "123"]
[GameId "2160767910096749"]
[EventDate "2009.09.10"]
[EventType "swiss"]
[EventRounds "7"]
[EventCountry "CAN"]
[SourceTitle "EXT 2011"]
[Source "ChessBase"]
[SourceDate "2011.11.26"]
[SourceVersion "1"]
[SourceVersionDate "2011.11.26"]
[SourceQuality "1"]

1. d4 d5 2. c4 c6 3. Nf3 dxc4 4. a4 b5 5. e3 Bb7 6. b3 cxb3 7. axb5 cxb5 8. Bxb5+ Bc6 9. Qxb3 Bxb5 10. Qxb5+ Qd7 11. Nc3 a6 12. Qc4 e6 13. O-O Bd6 14. Ba3 Ne7 15. Bxd6 Qxd6 16. Ne5 O-O 17. Ne4 Qd5 18. Qxd5 Nxd5 19. Nc5 Nb4 20. Rfb1 Nd5 21. Ra5 Rc8 22. g3 f6 23. Ned3 Nc7 24. Rb6 Rd8 25. Nxe6 Nxe6 26. Rxe6 Kf7 27. Rb6 Ke7 28. Nc5 Rd6 29. Rb7+ Kf8 30. Kf1 Nc6 31. Rb6 Nxa5 32. Rxd6 Nc4 33. Rxa6 Rxa6 34. Nxa6 Nd6 35. Nc5 Ke7 36. Ke2 Nf7 37. Kd3 Ng5 38. e4 Nf3 39. h4 Kd6 40. Ke3 Ne1 41. Nb3 Nc2+ 42. Kf4 g6 43. e5+ fxe5+ 44. dxe5+ Kd5 45. Kg5 Kxe5 46. Kh6 Kf6 47. Kxh7 Ne1 48. Nc5 Kf7 49. Kh6 Nf3 50. Ne4 Ne5 51. Kg5 Kg7 52. h5 Nf7+ 53. Kg4 Ne5+ 54. Kf4 Nd3+ 55. Ke3 Nxf2 56. h6+ Kxh6 57. Kxf2 Kh5 58. Kf3 Kh6 59. Kg4 Kh7 60. Kg5 Kg7 61. Nf6 Kf7 62. Nd5 1-0

[Event "Scarborough CC Howard Ridout Swiss"]
[Site "Toronto CAN"]
[Date "2009.09.10"]
[Round "1"]
[White "Krupka, David"]
[Black "Moran-Venegas, Mario"]
[Result "1-0"]
[WhiteElo "2144"]
[BlackElo "1762"]
[PlyCount "109"]
[GameId "2160767910096750"]
[EventDate "2009.09.10"]
[EventType "swiss"]
[EventRounds "7"]
[EventCountry "CAN"]
[SourceTitle "EXT 2011"]
[Source "ChessBase"]
[SourceDate "2011.11.26"]
[SourceVersion "1"]
[SourceVersionDate "2011.11.26"]
[SourceQuality "1"]

1. d4 Nf6 2. c4 g6 3. Nc3 d5 4. Bg5 e6 5. cxd5 exd5 6. Bxf6 Qxf6 7. Nxd5 Qd6 8. Nc3 Bg7 9. e3 O-O 10. Nf3 Bg4 11. Be2 Nd7 12. Rc1 c6 13. O-O Rae8 14. h3 Bf5 15. Bd3 Bxd3 16. Qxd3 Ne5 17. Nxe5 Bxe5 18. Ne4 Qd8 19. Nc5 Bb8 20. Rc3 Re7 21. Rb3 Qc7 22. f4 Qc8 23. Ne4 Kg7 24. Ng5 h6 25. Nf3 Rfe8 26. Ne5 Rd8 27. Qc2 Bxe5 28. fxe5 Re6 29. Rc3 Rd5 30. b4 a6 31. Qf2 Qd7 32. Rc4 Qe7 33. a3 Qc7 34. Rcc1 Qe7 35. Rcd1 f5 36. exf6+ Rxf6 37. Qxf6+ Qxf6 38. Rxf6 Kxf6 39. Kf2 Rf5+ 40. Ke2 Ke6 41. Rf1 Rxf1 42. Kxf1 Kd5 43. Ke2 Ke4 44. g3 h5 45. Kf2 g5 46. g4 hxg4 47. hxg4 b6 48. a4 c5 49. dxc5 bxc5 50. bxc5 Kd5 51. c6 Kxc6 52. e4 Kd6 53. Ke3 Ke5 54. a5 Kd6 55. Kd4 1-0